| 000 | 00403cam a22001217a 4500 | ||
|---|---|---|---|
| 008 | 180718b1987 xxu||||| |||| 00| 0 eng d | ||
| 082 | _aT000 IN8i | ||
| 100 | _aIsrael, Arthuro | ||
| 245 |
_aInstitutional development: Incentives to performance _cby Arthuro Israel |
||
| 260 |
_aBaltimore and London _bThe Johns Hopkins University Press _c1987 |
||
| 300 | _a214p. | ||
| 650 | _aEconomic Development - Project | ||
| 999 |
_c224316 _d224316 |
||